Specificities of financial inclusion: A study of savings and credit accounts of financially included households in Kerala (Record no. 533299)

000 -LEADER
fixed length control field 00744nam a22001337a 4500
008 - FIXED-LENGTH DATA ELEMENTS--GENERAL INFORMATION
fixed length control field 260508b ||||| |||| 00| 0 eng d
100 ## - MAIN ENTRY--PERSONAL NAME
Personal name Sreejith, A. and Nair, Manju S.
245 ## - TITLE STATEMENT
Title Specificities of financial inclusion: A study of savings and credit accounts of financially included households in Kerala
260 ## - PUBLICATION, DISTRIBUTION, ETC. (IMPRINT)
Place of publication, distribution, etc Social Science in Perspective
300 ## - PHYSICAL DESCRIPTION
Extent 18(1), Jan-Mar, 2026: p.27-46
520 ## - SUMMARY, ETC.
Summary, etc Financial inclusion is considered to be a leading factor and a prerequisite condition for inclusive growth and thereby social inclusion. Among the states, Kerala is considered to be fully financial included state though it lacks inclusive growth. –Reproduced
773 ## - HOST ITEM ENTRY
Main entry heading Social Science in Perspective
942 ## - ADDED ENTRY ELEMENTS (KOHA)
Item type Articles
Holdings
Withdrawn status Lost status Source of classification or shelving scheme Damaged status Not for loan Permanent location Current location Date acquired Serial Enumeration / chronology Barcode Date last seen Koha item type
          Indian Institute of Public Administration Indian Institute of Public Administration 2026-05-08 18(1), Jan-Mar, 2026: p.27-46 AR138811 2026-05-08 Articles

Powered by Koha